|
|
|
|
| LEADER |
00000cam a2200000 4500 |
| 001 |
vtls012242772 |
| 003 |
SK-MaSNL |
| 005 |
20260301192037.0 |
| 008 |
231026s2023 xo e 010 f slo |
| 015 |
|
|
|a SNBA2023/11
|
| 020 |
|
|
|a 9788055662992
|q (viazané)
|
| 040 |
|
|
|a SNK
|b slo
|c SNK
|e rda
|
| 041 |
0 |
|
|a slo
|
| 044 |
|
|
|a xo
|c SK
|
| 072 |
|
7 |
|a 821.162.4-3
|x Slovenská próza
|2 konspekt
|
| 080 |
|
|
|a 821.162.4-31
|2 2011
|
| 080 |
|
|
|a (0:82-312.4)
|2 2011
|
| 100 |
1 |
|
|a Dán, Dominik,
|d 1955-
|4 aut
|9 92276
|
| 245 |
1 |
0 |
|a Reminiscencie
|c Dominik Dán
|
| 250 |
|
|
|a Limitované vydanie
|
| 264 |
|
1 |
|a Bratislava
|b Slovart
|c 2023
|
| 300 |
|
|
|a 270 strán
|c 24 cm
|
| 336 |
|
|
|a text
|b txt
|2 rdacontent
|
| 337 |
|
|
|a bez média
|b n
|2 rdamedia
|
| 338 |
|
|
|a zväzok
|b nc
|2 rdacarrier
|
| 655 |
|
7 |
|a slovenské romány
|2 SNKPH
|9 70324
|
| 655 |
|
7 |
|a detektívne romány
|2 SNKPH
|9 70455
|
| 655 |
|
7 |
|a Slovak fiction
|2 SNKPHeng
|9 277096
|
| 655 |
|
7 |
|a Detective novels
|2 SNKPHeng
|9 121444
|
| 700 |
0 |
|
|a Danglár,
|d 1962-
|4 ill
|9 109052
|
| 852 |
|
|
|a Slovenská národná knižnica
|
| 919 |
|
|
|a 978-80-556-6299-2
|
| 954 |
|
|
|a beletria pôvodná (slovenská)
|2 lita
|
| 958 |
|
|
|a LX
|
| 999 |
|
|
|c 873049
|d 874979
|
| 952 |
|
|
|a SNK
|b SNK
|y PREZ
|7 0
|p 17A1538201
|o snkSC 203990
|i snk2023/15574
|8 0
|0 0
|1 0
|4 0
|d 2023-10-26
|l 0
|r 2025-10-28 00:00:00
|w 2026-02-24
|
| 952 |
|
|
|a SNK
|b SNK
|y PREZ
|7 0
|p 17A1538202
|o snkSC 203990 D1
|i snk2023/15575
|8 0
|0 0
|1 0
|4 0
|d 2023-10-26
|l 0
|r 2026-02-24 05:48:54
|w 2026-02-24
|